| 000 | 00688nam a2200253Ia 4500 | ||
|---|---|---|---|
| 003 | OSt | ||
| 005 | 20221007064309.0 | ||
| 006 | a|||||r|||| 00| 0 | ||
| 007 | ta | ||
| 008 | 221006b |||||||| |||| 00| 0 eng d | ||
| 024 | _a5,633 | ||
| 037 | _cReference Collections | ||
| 040 |
_aFLL _cFLL _beng |
||
| 041 |
_2eng _aeng |
||
| 082 | _aZ:P111:4k, K4.4 | ||
| 100 |
_aPrem Daulat Ram Au. _9681328 |
||
| 245 | 0 | _aJudicial dictionary | |
| 260 |
_aDelhi _bArora law house India _c1964 |
||
| 300 |
_a1373-1712p _ccm. |
||
| 490 | _vV4 | ||
| 650 | _aDictionary | ||
| 942 |
_hZ:P111:4k, K4.4 _cREF _2CC |
||
| 999 |
_c1133629 _d1133629 |
||